NBA Mvp Ladder 2024-25 - Statistics

General Stats
  • This quiz has been taken 152 times
  • The average score is 7 of 10
Answer Stats
Rank Answer % Correct
1. Nikola Jokic
98%
4. Shai Gilgeous-Alexander
95%
2. Giannis Antetokounmpo
93%
8. Luka Dončić
87%
3. Jayson Tatum
79%
7. Anthony Davis
64%
9. Donovan Mitchell
59%
5. Karl-Anthony Towns
58%
10. Victor Wembanyama
57%
6. Franz Wagner
12%
No matching quizzes found
Score Distribution
Percent of People with Each Score
Percentile by Number Answered
Your Score History
You have not taken this quiz